Joueurs du PSG par numéro saison 2022/2023 - Statistiques

Statistiques générales
  • Ce quiz a été pris 71 fois
  • Le résultat moyen est 15 sur 26
Statistiques - réponses
Hint Réponse % Correct
7 Kylian Mbappé
92%
30 Lionel Messi
90%
10 Neymar Jr
89%
99 Gianluigi Donnarumma
82%
5 Marquinhos
80%
6 Marco Verratti
79%
2 Achraf Hakimi
75%
25 Nuno Mendes
75%
3 Presnel Kimpembe
74%
8 Fabian Ruiz
70%
17 Vitinha
70%
16 Sergio Rico
67%
4 Sergio Ramos
61%
33 Warren Zaïre-Emery
61%
28 Carlos Soler
59%
30 Alexandre Letellier
57%
14 Juan Bernat
57%
44 Hugo Ekitike
51%
15 Danilo Pereira
49%
26 Nordi Mukiele
36%
18 Renato Sanches
21%
31 El Chadaille Bitshiabu
20%
29 Timothée Pembélé
16%
35 Ismaël Gharbi
11%
70 Lucas Lavallée
11%
37 Ilyes Housni
8%
Aucun quiz correspondant
Distribution des résultats
% des personnes avec chaque résultat
Percentile par nombre de réponses
Votre historique - résultats
Vous n’avez pas pris ce quiz